Patterns identification and data mining in weather and climate (Record no. 1224508)

MARC details
000 -LEADER
fixed length control field 00694nam a2200229Ia 4500
005 - DATE AND TIME OF LATEST TRANSACTION
control field 20241129104123.0
008 - FIXED-LENGTH DATA ELEMENTS--GENERAL INFORMATION
fixed length control field 241129s9999||||xx |||||||||||||| ||und||
020 ## - INTERNATIONAL STANDARD BOOK NUMBER
International Standard Book Number 9783030670726
037 ## - SOURCE OF ACQUISITION
Stock number Textual
040 ## - CATALOGING SOURCE
Original cataloging agency RTL
Language of cataloging eng
Transcribing agency RTL
041 ## - LANGUAGE CODE
Language code of text/sound track or separate title eng
Source of code eng
084 ## - COLON CLASSIFICATION NUMBER
Classification number U287:(D6,9(B) R1
Assigning agency RTL
100 ## - MAIN ENTRY--PERSONAL NAME
Personal name Hannachi Abdelwaheb
9 (RLIN) 724866
245 #0 - TITLE STATEMENT
Title Patterns identification and data mining in weather and climate
Statement of responsibility, etc. Hannachi Abdelwaheb
260 ## - PUBLICATION, DISTRIBUTION, ETC.
Place of publication, distribution, etc. Switzerland
Name of publisher, distributor, etc. Springer
Date of publication, distribution, etc. 2021
300 ## - PHYSICAL DESCRIPTION
Extent xxiv,600p.
365 ## - TRADE PRICE
Price type code INR
Price amount 12720.89
490 ## - SERIES STATEMENT
Series statement Springer Atmospheric Sciences
650 ## - SUBJECT ADDED ENTRY--TOPICAL TERM
Topical term or geographic name entry element Geography
942 ## - ADDED ENTRY ELEMENTS (KOHA)
Koha item type Textbook
Classification part U287:(D6,9(B) R1
Holdings
Withdrawn status Lost status Damaged status Not for loan Home library Current library Date acquired Source of acquisition Cost, normal purchase price Inventory number Total Checkouts Full call number Barcode Date last seen Price effective from Koha item type
        Ratan Tata Library Ratan Tata Library 2024-11-29 Shivam Book Service 12720.89 189 & 03/02/2023   U287:(D6,9(B) R1 RT1502444 2024-11-29 2024-11-29 Textbook
Copyright @ Delhi University Library System